Т. 66, № 2; Биофизика

Détails bibliographiques
Parent link:Биофизика: научно-технический журнал/ Российская академия наук (РАН). Т. 66, № 2.— , 1963-
Langue:russe
Publié: 2021
Accès en ligne:https://sciencejournals.ru/view-issue/?j=biofiz&y=2021&v=66&n=2
https://elibrary.ru/contents.asp?id=44743598
Format: Électronique Livre
KOHA link:https://koha.lib.tpu.ru/cgi-bin/koha/opac-detail.pl?biblionumber=587323

MARC

LEADER 00000nam2a2200000 4500
001 587323
005 20231101131441.0
035 |a (RuTPU)RU\TPU\prd\289963 
035 |a RU\TPU\prd\289962 
090 |a 587323 
100 |a 20220428a19569999k y0rusy50 ca 
101 0 |a rus 
102 |a RU 
181 0 |a i  
182 0 |a b 
200 0 |a Т. 66, № 2  |b Электронный ресурс 
203 |a Текст  |c электронный 
210 |d 2021 
461 1 |0 (RuTPU)RU\TPU\prd\1376  |t Биофизика  |o научно-технический журнал  |f Российская академия наук (РАН)  |v Т. 66, № 2  |d 1963- 
801 0 |a RU  |b 63413507  |c 20010227  |g PSBO 
801 1 |a RU  |b 63413507  |c 20160324 
801 2 |a RU  |b 63413507  |c 20220428  |g RCR 
856 4 0 |u https://sciencejournals.ru/view-issue/?j=biofiz&y=2021&v=66&n=2 
856 4 0 |u https://elibrary.ru/contents.asp?id=44743598 
942 |c BK